Value Preferences and Decision Making Practices of School Administrators in Taal District Division of Batangas/ (Record no. 11167)

MARC details
000 -LEADER
fixed length control field 00897nam a22002057i 4500
003 - CONTROL NUMBER IDENTIFIER
control field URS
005 - DATE AND TIME OF LATEST TRANSACTION
control field 20220117094455.0
008 - FIXED-LENGTH DATA ELEMENTS--GENERAL INFORMATION
fixed length control field 200219b ||||| |||| 00| 0 eng d
100 1# - MAIN ENTRY--PERSONAL NAME
Personal name Beig, Edwina P.
245 ## - TITLE STATEMENT
Title Value Preferences and Decision Making Practices of School Administrators in Taal District Division of Batangas/
260 ## - PUBLICATION, DISTRIBUTION, ETC.
Date of publication, distribution, etc. 1998
300 ## - PHYSICAL DESCRIPTION
Extent xii, 91 leaves:
Other physical details illustrations,
Dimensions 28 cm.
336 ## - CONTENT TYPE
Source rdacontent
Content type term text
337 ## - MEDIA TYPE
Source rdamedia
Media type term unmediated
338 ## - CARRIER TYPE
Source rdacarrier
Carrier type term volume
502 ## - DISSERTATION NOTE
Dissertation note Graduate Study Thesis
Degree type Master of Arts in Education
Name of granting institution University of Rizal System
Year degree granted 1998
520 ## - SUMMARY, ETC.
Summary, etc. This study was conducted to determine the values preferences and decision making practices of school administrators in the District of Taal, Division of Batangas during the school year 1997-1998.
648 ## - SUBJECT ADDED ENTRY--CHRONOLOGICAL TERM
Source of heading or term Marketing--Decision-making--Mathematical models
942 ## - ADDED ENTRY ELEMENTS (KOHA)
Source of classification or shelving scheme Library of Congress Classification
Koha item type Theses and dissertations
Holdings
Withdrawn status Source of classification or shelving scheme Damaged status Not for loan Home library Current library Shelving location Date acquired Total Checkouts Full call number Barcode Date last seen Price effective from Koha item type
  Library of Congress Classification     Rodriguez College Library Rodriguez College Library   02/19/2020       02/19/2020 02/19/2020 Theses and dissertations
  Library of Congress Classification     Rodriguez College Library Rodriguez College Library   02/19/2020       02/19/2020 02/19/2020 Theses and dissertations
  Library of Congress Classification     Rodriguez College Library Rodriguez Graduate Library Reference 02/19/2020   HF5415 URSROD-GST-00000 02/19/2020 02/19/2020 Theses and dissertations

University of Rizal System
Email us at univlibservices@urs.edu.ph

Visit our Website www.urs.edu.ph/library